Detalles MARC
| 000 -ENCABEZADO |
| Número de control [NR] |
02570nam a2200349Ia 4500 |
| 005 - FECHA Y HORA DE LA ÚLTIMA TRANSACCIÓN |
| control field |
20140903175129.0 |
| 008 - DE LONGITUD FIJA DE DATOS DE ELEMENTOS - INFORMACIÓN GENERAL |
| Elementos de longitud fija [NR] |
130821s1925 fr fr 1 fre d |
| 040 ## - FUENTE DE CATALOGACION [NR] |
| Agencia de catalogación original [NR] |
Co-BoUCM |
| Idioma de catalogación [NR] |
spa |
| Quien Cataloga |
Sandra Yazo |
| Quien Clasifica |
Sandra Yazo |
| 041 0# - CODIGO DE IDIOMA [R] |
| Código de idioma para texto/pista de sonido o título separado [R] |
Francés |
| 082 04 - NUMERO DE CLASIFICACION DECIMAL DEWEY [R] |
| Número de clasificación [R] |
346.0744 |
| Número de la edición [NR] |
20 |
| 092 ## - SIGNATURA TOPOGRAFICA LOCAL |
| Número de clasificación local |
E31N053 |
| 100 1# - ASIENTO PRINCIPAL--NOMBRE PERSONAL [NR] |
| Nombre personal [NR] |
Thaller, E. |
| Fechas asociadas con el nombre [NR] |
1851-1918 |
| Forma más completa del nombre [NR] |
(Edmond), |
| ID Autoridad |
62802 |
| 242 00 - TRADUCCION DEL TITULO POR LA AGENCIA CATALOGADORA [R] |
| Código de idioma del título traducido [NR] |
spa |
| 245 10 - MENCION DE TITULO [NR] |
| Título [NR] |
Traite elementaire de droit commercial a l'exclusion du droit maritime |
| Mención de responsabilidad, etc. [NR] |
E. Thaller. |
| 250 ## - MENCION DE EDICION [NR] |
| Mención de edición [NR] |
Septième édition [Séptima edición] |
| Resto de la mención de edición [NR] |
Revue et mise à jour par J. Perceruo [revisada y actualizada por J. Percerou] |
| 260 04 - PUBLICACION, DISTRIBUCION, ETC. (PIE DE IMPRENTA) [R] |
| Lugar de publicación, distribución, etc. [R] |
París (Francia) |
| Nombre del editor, distribuidor, etc. [R] |
Rouseau et Cie [Roseau y compañía] |
| Fecha de publicación, distribución, etc. [R] |
1925 |
| 300 ## - DESCRIPCION FISICA [R] |
| Extensión [R] |
vii, 1355 páginas |
| Dimensiones [R] |
22 x 13 cm. |
| 500 ## - NOTA GENERAL [R] |
| Nota general [NR] |
Detalles físicos: Encuadernación rígida (holandesa) en cartón duro forrado en papel. Lomo en cuero con nervaduras sobre costuras y adornos en dorado. Tapas con bordes raspados. Guardas en papel impreso. Hoja de cortesía. Anteportada. Portada impresa en una sola tinta, con diferentes tipos de letra y un motivo decorativo. Texto impreso en una sola columna, notas al pie de página. |
| 505 1# - NOTA DE CONTENIDO CON FORMATO PREESTABLECIDO [R] |
| Nota de contenido con formato preestablecido [NR] |
Introducción: Definición de comercio, mercancía, dinero y crédito ; Breve historia de la legislación en materia de comercio ; El comerciante individual ; Condiciones ; Capacidad requerida ; El Estado y el Comercio ; Los libros de comercio -- Asociación y Sociedad ; Personalidad de las compañías comerciales ; Sociedades con ánimo de lucro ; Competencia de los jueces en estas sociedades ; Las compañías de participación ; Las sociedades por acciones: en comandita por acciones y sociedades anónimas -- Las bolsas de comercio; las bolsas de valores ; Datos históricos ; Su función económica ; Operaciones de Bolsa ; Sobre el agente de bolsa y su responsabilidad -- Contratos sobre mercancías: venta, garantía, corretaje, comisión, transporte -- Los contratos cuyo objeto es el dinero, los préstamos o los riegos ; Los títulos comerciales ; La aceptación ; La letra de cambio ; El cheque ; El endoso. |
| 506 ## - NOTA DE RESTRICCIONES DE ACCESO [R] |
| Condiciones de acceso [NR] |
Consulta en sala. |
| 546 ## - NOTA DE IDIOMA [R] |
| Nota de idioma [NR] |
Texto en francés. |
| 650 #7 - ASIENTO SECUNDARIO DE MATERIA - TERMINO TEMATICO [R] |
| Término temático o nombre geográfico como elemento de entrada [NR] |
Comerciantes |
| 9 (RLIN) |
11189 |
| 650 #7 - ASIENTO SECUNDARIO DE MATERIA - TERMINO TEMATICO [R] |
| Término temático o nombre geográfico como elemento de entrada [NR] |
Contratos comerciales |
| 9 (RLIN) |
11829 |
| 650 #7 - ASIENTO SECUNDARIO DE MATERIA - TERMINO TEMATICO [R] |
| Término temático o nombre geográfico como elemento de entrada [NR] |
Derecho comercial |
| Subdivisión geográfica [R] |
Francia |
| 9 (RLIN) |
41661 |
| 650 #7 - ASIENTO SECUNDARIO DE MATERIA - TERMINO TEMATICO [R] |
| Término temático o nombre geográfico como elemento de entrada [NR] |
Liquidación de sociedades |
| 9 (RLIN) |
18582 |
| 650 #7 - ASIENTO SECUNDARIO DE MATERIA - TERMINO TEMATICO [R] |
| Término temático o nombre geográfico como elemento de entrada [NR] |
Sociedades comerciales |
| Subdivisión geográfica [R] |
Francia |
| 9 (RLIN) |
24740 |
| 650 04 - ASIENTO SECUNDARIO DE MATERIA - TERMINO TEMATICO [R] |
| Término temático o nombre geográfico como elemento de entrada [NR] |
Documentos negociables |
| 9 (RLIN) |
13518 |
| 650 04 - ASIENTO SECUNDARIO DE MATERIA - TERMINO TEMATICO [R] |
| Término temático o nombre geográfico como elemento de entrada [NR] |
Quiebra |
| 9 (RLIN) |
22978 |
| 690 ## - ASUNTO AGREGADO LOCAL DE ENTRADA - TÉRMINO TEMÁTICO (OCLC, RLIN) |
| 9 (RLIN) |
42767 |
| Acceso temático local |
Derecho comercial |
| 700 1# - ASIENTO SECUNDARIO - NOMBRE PERSONAL [R] |
| Nombre personal [NR] |
Perceu, J. |
| 9 (RLIN) |
62803 |
| 942 ## - ELEMENTOS DE ENTRADA AGREGADOS (KOHA) |
| Tipo de ítem principal el descrito en 300a |
Libro |
| Tema principal |
8 |
| Edición |
5 |
| Sistema de clasificación |
DEWEY |
| Clasificación |
346.0744 |